Catálogo - Centro de Recursos para el Aprendizaje y la Investigación

Volver al Sitio - CRAI Biblioteca

Cuba, judicatura y procedimiento penal / (Registro nro. 113611)

Detalles MARC
000 -CABECERA
campo de control de longitud fija 00960nam a2200217 4500
001 - NÚMERO DE CONTROL
campo de control 113611
003 - IDENTIFICADOR DEL NÚMERO DE CONTROL
campo de control DR-UNIBE
005 - FECHA Y HORA DE LA ÚLTIMA TRANSACCIÓN
campo de control 20250512154200.0
008 - DATOS DE LONGITUD FIJA--INFORMACIÓN GENERAL
campo de control de longitud fija 250512b1996 cu ||||| |||| 00| 0 spa d
040 ## - FUENTE DE LA CATALOGACIÓN
Centro catalogador/agencia de origen BIBLIOTECA UNIBE
Lengua de catalogación spa
Centro/agencia transcriptor BIBLIOTECA UNIBE
041 ## - CÓDIGO DE LENGUA
Código de lengua del texto/banda sonora o título independiente spa
100 10 - ENTRADA PRINCIPAL--NOMBRE DE PERSONA
Nombre de persona Bodes Torres, Jorge
9 (RLIN) 195275
Término indicativo de función/relación autor
245 10 - MENCIÓN DE TÍTULO
Título Cuba, judicatura y procedimiento penal /
Mención de responsabilidad, etc. Jorge Bodes Torres
260 ## - PUBLICACIÓN, DISTRIBUCIÓN, ETC.
Lugar de publicación, distribución, etc. La Habana :
Nombre del editor, distribuidor, etc. [Editor no identificado],
Fecha de publicación, distribución, etc. 1966
300 ## - DESCRIPCIÓN FÍSICA
Extensión 55 páginas :
Dimensiones 26 x 21 cm
505 ## - NOTA DE CONTENIDO CON FORMATO
Nota de contenido con formato Características y evolución del procedimiento penal en la República de Cuba |<br/>El sistema judicial cubano |<br/>Principios del procedimiento penal cubano en la fase judicial |<br/>La función judicial. Su independencia |<br/>El juez, la norma y el debido proceso
650 #7 - PUNTO DE ACCESO ADICIONAL DE MATERIA--TÉRMINO DE MATERIA
Fuente del encabezamiento o término lemb
Término de materia o nombre geográfico como elemento de entrada Justicia penal
Subdivisión geográfica Cuba
9 (RLIN) 195279
650 #7 - PUNTO DE ACCESO ADICIONAL DE MATERIA--TÉRMINO DE MATERIA
Fuente del encabezamiento o término lemb
Término de materia o nombre geográfico como elemento de entrada Procedimiento penal
Subdivisión geográfica Cuba
9 (RLIN) 195280
700 10 - PUNTO DE ACCESO ADICIONAL--NOMBRE DE PERSONA
Nombre de persona Cruz Ochoa, Ramón de la
9 (RLIN) 195276
Término indicativo de función/relación prologuista
942 ## - ELEMENTOS DE PUNTO DE ACCESO ADICIONAL (KOHA)
Fuente del sistema de clasificación o colocación Sistema de Clasificación Decimal Dewey
Tipo de ítem Koha Folleto
Existencias
Estado de retiro Estado de pérdida Fuente del sistema de clasificación o colocación Estado dañado No para préstamo Código de colección Localización permanente Fecha de adquisición Total de préstamos Signatura topográfica completa Código de barras Fecha visto por última vez Número de copia Precio válido a partir de Tipo de ítem Koha
  Disponible Sistema de Clasificación Decimal Dewey     Folletos Biblioteca Central UNIBE 08/04/2025   F 5698 F250073 12/05/2025 Ej.1 12/05/2025 Folleto